Cafeteria song (my little pony) - lyrics - Statistics

General Stats
  • This quiz has been taken 94 times
    90 since last reset
  • The average score is 229 of 275
Answer Stats
Answer % Correct
the
100%
to
100%
a
98%
I
98%
We
98%
we
98%
Twilight
96%
get
94%
Sparkle
94%
you
94%
crown
92%
do
92%
everybody
92%
help
92%
Hey,
92%
hey
92%
Hey
92%
(hey)
92%
So
92%
up,
92%
up
92%
win
92%
down
90%
make
90%
of
90%
That
90%
that
90%
can
88%
different
88%
friendship
88%
magic
88%
me
88%
see
88%
what
88%
all
86%
be
86%
day
86%
gonna
86%
is
86%
sound
86%
We're
86%
were
86%
we're
86%
and
84%
And
84%
around
84%
her
84%
it's
84%
night
84%
together
84%
work
84%
your
84%
about
82%
as
82%
come
82%
from
82%
got
82%
I'm
82%
if
80%
If
80%
like
80%
no
80%
yeah
80%
Yeah
80%
helping
78%
say
78%
Until
78%
us
78%
you're
78%
just
76%
seem
76%
something
76%
way
76%
We've
76%
another
73%
But
73%
cause
73%
helped
73%
here
73%
school
73%
shout
73%
then
73%
will
73%
may
71%
turn
71%
hooves,
69%
Jump
69%
little
69%
look
69%
now
69%
now,
69%
matter
67%
pride
67%
Stomp
67%
hands
65%
Hands
65%
loyalty
65%
myself
65%
true
65%
deeper
63%
honesty,
63%
kindness,
63%
message
63%
on
63%
start
63%
Start
63%
thought
63%
we'll
63%
We'll
63%
crowd
61%
follow
61%
Generous,
61%
laughter,
61%
our
61%
aside
59%
differences
59%
put
59%
want
59%
working
59%
sending
57%
change,
55%
each
55%
Wondercolts,
51%
Canterlot
49%
stick
47%
party
45%
wave
41%
No matching quizzes found
Score Distribution
Percent of People with Each Score
Percentile by Number Answered
Your Score History
You have not taken this quiz since the last reset